000 00493nam a2200181Ia 4500
008 230711s9999||||xx |||||||||||||| ||und||
020 _a978-0-367-137466-5
041 _aENG
082 _a629.2293
_bEH-M
100 _aEhsani, Mehrdad
245 0 _aModern Electric Hybrid Electric, and Fuel Cell Vehicles
250 _a3rd Ed.
260 _c2019
_aNew Delhi
_bCRC Press Taylor & Francis Group
300 _a546p.
650 _aElectrical Engineering
700 _aGao, Yimin
942 _cBK
999 _c6956
_d6956